• 首页
  • 本馆介绍
  • 公告通知
  • 最新文献
  • 馆藏检索
  • 电子资源
  • 读者导购
  • 参考咨询
  • 我的图书馆
  • 登录
  • 详细信息显示
  • 放入我的书架
  • 预约/预借图书
  • 作者相关作品
  • 分类相关作品
  • 丛书相关作品
  • 出版社相关作品

书目信息

  • 表格格式
  • 工作单格式
  • 卡片格式
题名:
万古丹青
    
 
作者: 李明 , 胡春勃 著
分册:  
出版信息: 西安   陕西人民出版社  2016
页数: 169页
开本: 26cm
丛书名: 考古陕西
单 册:
中图分类: K879.41
科图分类:
主题词: 墓室壁画--mu shi bi hua--研究--陕西省
电子资源:
ISBN: 978-7-224-11857-5
000 01211nam 2200301 450
001 012017000068
005 20180111085749.46
010    @a978-7-224-11857-5@b@dCNY32.00
100    @a20170612d2016 em y0chiy0121 ea
101 0  @achi
102    @aCN@b610000
105    @aa a 000yy
106    @ar
200 1  @a万古丹青@Awan gu dan qing@e陕西古代壁画@f李明, 胡春勃著@g
210    @a西安@c陕西人民出版社@d2016
215    @a169页@c图 (部分彩图)@d26cm
225 2  @a考古陕西@Akao gu shan xi
320    @a有书目 (第167-168页)
330    @a壁画艺术是源远流长的中华文明历史中一支绚丽的奇葩。20世60年代以来, 一般认为出土于陕西省成阳市窑店村的秦“驷马图”是考古所见古代壁画之始。本书收录了陕西境内多处寺院、道观、石窟、庙宇等古建筑现存宋元以来壁画280余幅, 填补了地区建筑绘画艺术的空白, 有较高的艺术和史料研究价值, 可供文化艺术、历史文物、建筑设计等研究人员和壁画艺术爱好者参考使用。
410  0 @12001 @a考古陕西
517 1  @a陕西古代壁画@Ashan xi gu dai bi hua
606 0  @a墓室壁画@Amu shi bi hua@x研究@y陕西省
690    @aK879.41@v5
701  0 @a李明@Ali ming@4著
701  0 @a胡春勃@Ahu chun bo@4著
801  0 @aCN@b湖北三新@c20171117@g
905    @aBZT@dK879.41@e2
906    @dCNY32.00@n5@r1
    
    万古丹青:陕西古代壁画/李明, 胡春勃著.-西安:陕西人民出版社,2016
    169页:图 (部分彩图);26cm.-(考古陕西)
    
    
    ISBN 978-7-224-11857-5:CNY32.00
    壁画艺术是源远流长的中华文明历史中一支绚丽的奇葩。20世60年代以来, 一般认为出土于陕西省成阳市窑店村的秦“驷马图”是考古所见古代壁画之始。本书收录了陕西境内多处寺院、道观、石窟、庙宇等古建筑现存宋元以来壁画280余幅, 填补了地区建筑绘画艺术的空白, 有较高的艺术和史料研究价值, 可供文化艺术、历史文物、建筑设计等研究人员和壁画艺术爱好者参考使用。
●
相关链接 在五车中查询图书 在当当中查询图书 在豆瓣中查询图书


正题名:万古丹青     索取号:K879.41/2         预约/预借

序号 登录号 条形码 馆藏地/架位号 状态 备注
1 844585   2000844585   第二书库/ [索取号:K879.41/2] 在馆    
2 844586   2000844586   第二书库/ [索取号:K879.41/2] 在馆    
3 844587   2000844587   第二书库/ [索取号:K879.41/2] 在馆    
4 844588   2000844588   第二书库/ [索取号:K879.41/2] 在馆    
5 844589   2000844589   第二书库/ [索取号:K879.41/2] 在馆    
山东省滨州职业学院图书馆 欢迎您!
大连网信软件有限公司© 版权所有